[Event "Lovo op 13th"]
[Site "Lovo"]
[Date "2018.08.25"]
[Round "2"]
[White "Bindics, Botond"]
[Black "Czipf Koteczki, Gergo"]
[Result "0-1"]
[WhiteElo "1040"]
[BlackElo "1086"]
[PlyCount "42"]
[EventDate "2018.08.25"]
[EventType "swiss"]
[EventRounds "5"]
[EventCountry "HUN"]
[SourceTitle "CBM 186 Extra"]
[Source "ChessBase"]
[SourceDate "2018.08.24"]
[SourceVersion "1"]
[SourceVersionDate "2018.08.24"]
[SourceQuality "1"]

1. e4 e6 2. Nf3 d5 3. e5 c5 4. d4 Nc6 5. dxc5 Bxc5 6. Be3 Bxe3 7. fxe3 Qb6 8. b3 Qxe3+ 9. Qe2 Qc1+ 10. Qd1 Qb2 11. Nbd2 Nxe5 12. Nxe5 Qxe5+ 13. Qe2 Qxa1+ 14. Kf2 Qxa2 15. Qb5+ Kf8 16. Qc5+ Ne7 17. Nf3 f6 18. Qd6 Qxc2+ 19. Kg1 Kf7 20. g4 Qxb3 21. Nd2 Qe3+ 0-1

[Event "Lovo op 13th"]
[Site "Lovo"]
[Date "2018.08.25"]
[Round "3"]
[White "Czipf Koteczki, Gergo"]
[Black "Vilics, Hanna"]
[Result "0-1"]
[WhiteElo "1086"]
[BlackElo "1222"]
[PlyCount "82"]
[EventDate "2018.08.25"]
[EventType "swiss"]
[EventRounds "5"]
[EventCountry "HUN"]
[SourceTitle "CBM 186 Extra"]
[Source "ChessBase"]
[SourceDate "2018.08.24"]
[SourceVersion "1"]
[SourceVersionDate "2018.08.24"]
[SourceQuality "1"]

1. d4 d5 2. Nf3 Nf6 3. e3 e6 4. b3 Be7 5. Bb2 0-0 6. Nbd2 Nbd7 7. Ne5 b6 8. Bd3 Bb7 9. h3 c5 10. c4 dxc4 11. bxc4 Bxg2 12. Rh2 Bb7 13. h4 Nxe5 14. dxe5 Ne8 15. Bc2 h6 16. h5 f6 17. Qg4 f5 18. Qg6 Qd7 19. Rh3 Rd8 20. Bc3 Kh8 21. a4 a5 22. Rb1 Qc6 23. e4 f4 24. Ke2 Bg5 25. Nf3 Be7 26. Rb2 Nc7 27. Rh2 Na6 28. Rg2 Rg8 29. Rb1 Nb4 30. Bxb4 cxb4 31. Bd3 Qxa4 32. Qxe6 Qa2+ 33. Nd2 f3+ 34. Kxf3 Rxd3+ 35. Kf4 Qxd2+ 36. Kf5 Bc8 37. Qxc8 Rxc8 38. Rbg1 Rf8+ 39. Ke6 Rd6+ 40. Kxe7 Rdd8 41. Rxg7 Rde8# 0-1

[Event "HUN-chT4 1718"]
[Site "Hungary"]
[Date "2017.11.25"]
[Round "3.32"]
[White "Czipf Koteczki, Gergo"]
[Black "Steiner, Botond"]
[Result "0-1"]
[WhiteElo "1041"]
[BlackElo "1017"]
[PlyCount "120"]
[EventDate "2017.10.28"]
[EventType "team-tourn"]
[EventRounds "9"]
[EventCountry "HUN"]
[SourceTitle "EXT 2020"]
[Source "ChessBase"]
[SourceDate "2019.10.17"]
[SourceVersion "1"]
[SourceVersionDate "2019.10.17"]
[SourceQuality "1"]

1. d4 d5 2. Nf3 Nf6 3. e3 e6 4. Nbd2 c5 5. Bb5+ Bd7 6. Bxd7+ Nbxd7 7. b3 Bd6 8. Bb2 Qc7 9. c4 cxd4 10. exd4 0-0 11. Qc1 Rfe8 12. c5 Bf4 13. Qc3 Rac8 14. g3 Bxd2+ 15. Nxd2 b6 16. Rc1 bxc5 17. dxc5 Qxc5 18. Qxc5 Nxc5 19. b4 Nd3+ 20. Ke2 Nxc1+ 21. Bxc1 Rc7 22. f4 Rec8 23. Bb2 Rc2 24. Bxf6 gxf6 25. a4 Ra2 26. a5 Rcc2 27. Rd1 Rcb2 28. h4 Rxb4 29. h5 Rxa5 30. h6 Ra2 31. Rc1 Rc4 32. Rb1 Rc8 33. Ke1 Kf8 34. g4 Rac2 35. Kd1 R2c3 36. g5 fxg5 37. fxg5 Rh3 38. Rb7 Rh1+ 39. Ke2 Ra1 40. g6 hxg6 41. h7 Rh1 42. h8Q+ Rxh8 43. Rxa7 Rc2 44. Ra8+ Kg7 45. Rxh8 Kxh8 46. Ke3 Kg7 47. Nf3 Rc3+ 48. Kf4 Rxf3+ 49. Kxf3 Kf6 50. Ke3 Ke5 51. Kd3 d4 52. Kc4 Ke4 53. Kc5 d3 54. Kd6 d2 55. Ke7 d1Q 56. Kxf7 Qf1+ 57. Kxe6 Qa6+ 58. Kd7 Kd5 59. Ke7 Qe6+ 60. Kd8 Qf7 0-1

[Event "HUN-chT4 1718"]
[Site "Hungary"]
[Date "2017.10.28"]
[Round "2.25"]
[White "Szekeres, Szilvia"]
[Black "Czipf Koteczki, Gergo"]
[Result "1-0"]
[WhiteElo "1215"]
[BlackElo "1053"]
[PlyCount "109"]
[EventDate "2017.10.28"]
[EventType "team-tourn"]
[EventRounds "9"]
[EventCountry "HUN"]
[SourceTitle "EXT 2020"]
[Source "ChessBase"]
[SourceDate "2019.10.17"]
[SourceVersion "1"]
[SourceVersionDate "2019.10.17"]
[SourceQuality "1"]

1. e4 e6 2. d4 d5 3. exd5 exd5 4. Nf3 Bg4 5. Be2 Nf6 6. h3 Bxf3 7. Bxf3 Be7 8. 0-0 Nc6 9. Nc3 h6 10. Bf4 0-0 11. Nb5 Bd6 12. Bxd6 cxd6 13. Nc3 Qb6 14. Nxd5 Nxd5 15. Bxd5 Qxd4 16. Bxc6 Qxd1 17. Raxd1 bxc6 18. Rxd6 c5 19. Rfd1 Rab8 20. b3 Rfe8 21. Kf1 Rbc8 22. c4 a5 23. Ra6 Ra8 24. Rb6 Rab8 25. Rdd6 Red8 26. Rxb8 Rxb8 27. Ra6 Rd8 28. Rxa5 Rd1+ 29. Ke2 Rg1 30. g3 Ra1 31. Kf3 g5 32. Rxc5 Rxa2 33. b4 Kg7 34. b5 Ra3+ 35. Kg4 Kg6 36. h4 h5+ 37. Kh3 g4+ 38. Kg2 Ra2 39. b6 f5 40. b7 f4 41. gxf4 g3 42. Kxg3 Rb2 43. Rb5 Rxb5 44. cxb5 Kf5 45. b8Q Ke6 46. Qd8 Kf7 47. b6 Ke6 48. Qc7 Kf5 49. b7 Ke6 50. Qe5+ Kd7 51. Qb5+ Ke6 52. b8Q Kf6 53. Qd6+ Kf7 54. Qb7+ Ke8 55. Qdb8# 1-0

[Event "Gyor Cohtec U15 op 2nd"]
[Site "Gyor"]
[Date "2017.05.21"]
[Round "9"]
[White "Szoboszlai, Lehel Sandor"]
[Black "Czipf Koteczki, Gergo"]
[Result "0-1"]
[WhiteElo "1085"]
[BlackElo "1107"]
[PlyCount "20"]
[EventDate "2017.05.19"]
[EventType "swiss"]
[EventRounds "9"]
[EventCountry "HUN"]
[SourceTitle "EXT 2018"]
[Source "ChessBase"]
[SourceDate "2017.10.13"]
[SourceVersion "1"]
[SourceVersionDate "2017.10.13"]
[SourceQuality "1"]

1. e4 e6 2. Nc3 d5 3. exd5 exd5 4. Qe2+ Be7 5. Nf3 Nc6 6. d4 Bg4 7. g3 Nxd4 8. Qe3 Nxc2+ 9. Kd2 Nxe3 10. Kxe3 Nf6 0-1

[Event "Gyor Cohtec U15 op 2nd"]
[Site "Gyor"]
[Date "2017.05.20"]
[Round "5"]
[White "Coudene, Martin"]
[Black "Czipf Koteczki, Gergo"]
[Result "0-1"]
[WhiteElo "1061"]
[BlackElo "1107"]
[PlyCount "114"]
[EventDate "2017.05.19"]
[EventType "swiss"]
[EventRounds "9"]
[EventCountry "HUN"]
[SourceTitle "EXT 2018"]
[Source "ChessBase"]
[SourceDate "2017.10.13"]
[SourceVersion "1"]
[SourceVersionDate "2017.10.13"]
[SourceQuality "1"]

1. e4 e6 2. Nf3 Nf6 3. Nc3 d5 4. exd5 exd5 5. Nxd5 Nxd5 6. Bc4 Bg4 7. 0-0 Bc5 8. Qe1+ Be7 9. Qe4 Bxf3 10. Qxf3 c6 11. Re1 0-0 12. Re4 Nf6 13. Rh4 h6 14. d4 b5 15. Qg3 Bd6 16. Qh3 bxc4 17. Bxh6 Nh7 18. Bxg7 Kxg7 19. Re1 Ng5 20. Qg4 Rh8 21. Rxh8 Kxh8 22. h4 Nh7 23. h5 Bf8 24. Re3 Nd7 25. Rg3 Ndf6 26. Qh4 Qe7 27. Re3 Qb4 28. c3 Qxb2 29. h6 Qxa2 30. g3 Rb8 31. Rf3 Rb1+ 32. Kg2 Qe2 33. Rxf6 Qf1+ 34. Kf3 Qh1+ 35. Qxh1 Rxh1 36. Rxf7 Rxh6 37. Rxa7 Rh1 38. Kg2 Rc1 39. Ra6 Rxc3 40. Rxc6 Rc1 41. Kf3 Ng5+ 42. Ke3 Nh3 43. Kd2 Rf1 44. Rxc4 Rxf2+ 45. Ke3 Bh6+ 46. Ke4 Ng5+ 47. Ke5 Ra2 48. Kf4 Ne6+ 49. Kf5 Re2 50. Kg6 Bg7 51. d5 Nf8+ 52. Kf7 Rg2 53. Rh4+ Nh7 54. g4 Bf6 55. g5 Bxg5 56. Rh5 Rf2+ 57. Kg6 Rf6# 0-1

[Event "Gyor op-B 7th"]
[Site "Gyor"]
[Date "2016.07.07"]
[Round "2"]
[White "Reisinger, Rita"]
[Black "Czipf Koteczki, Gergo"]
[Result "1-0"]
[WhiteElo "1146"]
[BlackElo "1241"]
[PlyCount "87"]
[EventDate "2016.07.06"]
[EventType "swiss"]
[EventRounds "9"]
[EventCountry "HUN"]
[SourceTitle "EXT 2017"]
[Source "ChessBase"]
[SourceDate "2016.10.25"]
[SourceVersion "1"]
[SourceVersionDate "2016.10.25"]
[SourceQuality "1"]

1. Nc3 e5 2. Nf3 Nc6 3. d4 d6 4. dxe5 dxe5 5. Qxd8+ Kxd8 6. e3 Bb4 7. Bd2 Bg4 8. Be2 Nf6 9. 0-0-0 e4 10. Nxe4 Nxe4 11. Bxb4+ Kc8 12. Be1 Rd8 13. Rxd8+ Kxd8 14. a3 a6 15. h3 Bxf3 16. Bxf3 Nf6 17. Bc3 Ke8 18. Rd1 b5 19. Bxc6+ Kf8 20. Bxa8 Ke7 21. Bxf6+ Kxf6 22. Rd7 c5 23. Rd6+ Ke7 24. Rxa6 Kd7 25. Bc6+ Kd6 26. Bxb5+ Kd5 27. Ra7 c4 28. Rxf7 Kc5 29. Bd7 Kd5 30. Rxg7 Kd6 31. Rxh7 Kd5 32. f4 c3 33. bxc3 Kd6 34. e4 Kc5 35. e5 Kb6 36. e6 Kc7 37. Bb5+ Kd8 38. e7+ Kc7 39. e8Q+ Kb6 40. Rh5 Ka5 41. Bd3+ Kb6 42. Qe6+ Kc7 43. Rh7+ Kd8 44. Qg8# 1-0